000 00727cam a22002533a 4500
001 18953
003 PGUSA
005 20140828083413.0
008 060731s2006||||xxu|||||s|||||000 1 eng d
040 _aPGUSA
_beng
042 _adc
050 4 _aPZ
100 1 _aBailey, Arthur Scott,
_d1877-1949
245 1 4 _aThe Tale of Dickie Deer Mouse
_h[electronic resource] /
_cArthur Scott Bailey
260 _bProject Gutenberg,
_c2006
506 _aPublic domain in the USA.
516 _aElectronic text
653 _aMice -- Juvenile fiction
653 _aAnimals -- Juvenile fiction
700 1 _aPetersen, Diane
830 0 _aProject Gutenberg
_v18953
856 4 0 _uhttp://www.gutenberg.org/ebooks/18953
942 _cEB
999 _c248208
_d248208